000 00979nmc a2200313 a 4500
003 AR-BaBNM
005 20251128210713.0
008 091020s2000 ||||||||||||||000 | spa||
020 _a987-9191-72-2
040 _cAR-BaBNM
100 1 _aRodríguez, María Esther
245 1 0 _aCon-vivencia escuela-comunidad
_b¿un enlace posible? : estrategias para la participación
250 _a1ª ed.
260 _aBuenos Aires
_bEdiciones Novedades Educativas
_c2000
300 0 _a80 p.
_btablas, il.
490 0 _aRecursos didácticos
504 _aContiene referencias bibliográficas p. 80
650 4 _aPARTICIPACION DE LOS PADRES
650 4 _aRELACION ESCUELA-COMUNIDAD
650 4 _aONGs
650 4 _aORGANIZACIONES GUBERNAMENTALES
653 0 _aEDUCACION PARA LA CONVIVENCIA
653 0 _aEDUCACION EN VALORES
653 0 _aEDUCACION GENERAL BASICA
653 0 _aCOMUNIDAD EDUCATIVA
653 0 _aPROYECTOS CURRICULARES
942 _cBK
998 _cRAQUEL
999 _c16518
_d16518